New interchange : English for international communication. t.III /
Сохранить в:
| Главный автор: | |
|---|---|
| Другие авторы: | , |
| Формат: | Sách giấy |
| Язык: | English |
| Опубликовано: |
New York :
Cambridge University Press,
1998.
|
| Предметы: | |
| Метки: |
Добавить метку
Нет меток, Требуется 1-ая метка записи!
|
| Thư viện lưu trữ: | Thư viện Trường Đại học Đà Lạt |
|---|
| LEADER | 00893nam a2200337 4500 | ||
|---|---|---|---|
| 001 | DLU110120737 | ||
| 003 | ##DLU | ||
| 005 | ##20110506 | ||
| 008 | ##021230t vn z000 vie d | ||
| 040 | # | # | |a DLU |b vie |
| 041 | # | # | |a eng |
| 044 | # | # | |a vn |
| 082 | # | # | |a 428.007 |b RI-J |
| 100 | # | # | |a Richards, Jack C. |
| 245 | # | # | |a New interchange : |b English for international communication. |n t.III / |c Jack C. Richards, with Jonathan Hull and Susan Proctor |
| 260 | # | # | |a New York : |b Cambridge University Press, |c 1998. |
| 300 | # | # | |a xix, 176 p. ; |c 28 cm. |
| 653 | # | # | |a English Language |
| 700 | # | # | |a Hull, Jonathan. |
| 700 | # | # | |a Proctor, Susan. |
| 923 | # | # | |a 01/2011NN |
| 990 | # | # | |a t.III |
| 992 | # | # | |a 0 |
| 994 | # | # | |a KNN |
| 900 | # | # | |a True |
| 911 | # | # | |a Nguyễn Thanh Hương |
| 925 | # | # | |a G |
| 926 | # | # | |a A |
| 927 | # | # | |a SH |
| 980 | # | # | |a Thư viện Trường Đại học Đà Lạt |